00820nam a2200241 a 450000100060000000300080000600500170001400800410003102000150007203500190008704000350010604100080014108200290014924500500017825000120022826000490024030000320028950001190032150400390044065000180047970000260049773000550052337553BD-RjUL20211209052624.0150125s1982 enk b 001 0 eng  a0080279287 a(BD-RjUL)37657 aDLCcDLCdDLCdOCoLCdDLCbeng aeng00a305.486971219bWOM 198200aWomen and Islam /cedited by Azizah al-Hibri. a1st ed. aOxford ;aNew York :bPergamon Press,c1982. ax, p., p. 135-244 ;c26 cm. a"Published as a special issue of the journal Women's studies international forum, volume 5, number 2"--T.p. verso. aIncludes bibliographies and index. 0aMuslim women.1 aHibri, Azizah,d1943-0 aWomen's studies international forum ; v. 5, no. 2.